Druhotné suroviny - nové zdroje průmyslu

Na minha lista:
Detalhes bibliográficos
Autor principal: Růžičková, Zdenka
Outros Autores: Srb, Jaroslav, Vidlář, Jiří
Formato: Livro
Idioma:tcheco
Publicado em: Praha Státní nakladatelství technické literatury 1989
Edição:1. vyd.
Tags: Adicionar Tag
Sem tags, seja o primeiro a adicionar uma tag!

MARC

LEADER 00000nam a2200000 4500
001 c033181
005 20250520074632.8
041 0 |a cze 
044 |a CZ 
245 1 0 |a Druhotné suroviny - nové zdroje průmyslu  |c Zdenka Růžičková, Jaroslav Srb, Jiří Vidlář 
250 |a 1. vyd. 
264 1 |a Praha  |b Státní nakladatelství technické literatury  |c 1989 
300 |a 193 s. 
100 1 |a Růžičková, Zdenka 
700 1 |a Srb, Jaroslav 
700 1 |a Vidlář, Jiří